Financovanie inovačného rozvoja

Prístup k zdrojom financovania. Finančný trh pre inovačné spoločnosti. Podpora Lisabonského procesu. Dôvody slabej inovatívnosti firiem. Financovanie inovačných MSP. Zdroje na financovanie inovácií. Daňové zaťaženie. Príspevok EÚ k financovaniu MSP

Na minha lista:
Detalhes bibliográficos
Autor principal: Bobáková, Viktória
Formato: Capítulo de Livro
Idioma:eslovaco
Assuntos:
Tags: Adicionar Tag
Sem tags, seja o primeiro a adicionar uma tag!

MARC

LEADER 00000nla$a2200000$$$4500
001 0069660
005 20240502071836.2
041 0 |a slo 
044 |a SK 
245 1 0 |a Financovanie inovačného rozvoja  |c Viktória Bobáková 
520 |a Prístup k zdrojom financovania. Finančný trh pre inovačné spoločnosti. Podpora Lisabonského procesu. Dôvody slabej inovatívnosti firiem. Financovanie inovačných MSP. Zdroje na financovanie inovácií. Daňové zaťaženie. Príspevok EÚ k financovaniu MSP 
610 2 0 |a inovácia 
610 2 0 |a financovanie 
610 2 0 |a podnik malý 
610 2 0 |a podnik stredný 
610 2 0 |a úver bankový 
610 2 0 |a lízing 
610 2 0 |a kapitál rizikový 
610 2 0 |a dary 
100 1 |a Bobáková, Viktória